| 000 | 00683cab a2200229 4500 | ||
|---|---|---|---|
| 001 | WB3127-26 | ||
| 008 | 090401t1995 xxu||||| |||| 00| 0 eng d | ||
| 035 | _a(Sirsi) u28978 | ||
| 041 | _aeng | ||
| 245 | _aPassive smoking award | ||
| 260 | _c1995 | ||
| 350 | _a0 | ||
| 490 |
_aTimes _v12 July 1995, 4(1) |
||
| 520 | _aA woman, who suffers ill-health through passive smoking, has won a claim against her employer for failing to ventilate the office adequately. | ||
| 650 | _aCOMPENSATION | ||
| 650 |
_aHEALTH AND SAFETY _96244 |
||
| 650 | _aPASSIVE SMOKING | ||
| 650 | _aVENTILATION | ||
| 690 | _aOFFICE SERVICES AND ADMINISTRATION | ||
| 942 | _n0 | ||
| 948 | _c04/03/1997 | ||
| 999 |
_c19501 _d19501 |
||